Emin Pasha : (Record no. 13319)

MARC details
000 -LEADER
fixed length control field 00706nam a22002052 4500
001 - CONTROL NUMBER
control field 0000011673
005 - DATE AND TIME OF LATEST TRANSACTION
control field 20151217155845.0
008 - FIXED-LENGTH DATA ELEMENTS--GENERAL INFORMATION
fixed length control field 081222s xx 000 0 eng d
040 ## - CATALOGING SOURCE
Original cataloging agency KABU
Transcribing agency KABU
100 1# - MAIN ENTRY--PERSONAL NAME
Personal name Schweitzer, Georg.
-- 0000167635
245 10 - TITLE STATEMENT
Title Emin Pasha :
Remainder of title his life and work compiled from his journals letters. scientific. notes and from official documents /
Statement of responsibility, etc. by Goerg Schweitzer.
250 ## - EDITION STATEMENT
Edition statement 1st ed.
260 ## - PUBLICATION, DISTRIBUTION, ETC. (IMPRINT)
Place of publication, distribution, etc. London :
Name of publisher, distributor, etc. Archibald,
Date of publication, distribution, etc. 1898.
300 ## - PHYSICAL DESCRIPTION
Extent vii, 339 p.
600 10 - SUBJECT ADDED ENTRY--PERSONAL NAME
Personal name Pasha, Emin.
-- 0000167636
651 #0 - SUBJECT ADDED ENTRY--GEOGRAPHIC NAME
Geographic name Africa, Central
General subdivision Description and travel.
-- 0000148674
852 1# - LOCATION
-- p500 KES
908 ## - PUT COMMAND PARAMETER (RLIN)
Put command parameter 081222
950 ## - LOCAL HOLDINGS (RLIN)
-- 1
Holdings
Withdrawn status Lost status Source of classification or shelving scheme Not for loan Home library Current library Date acquired Total Checkouts Full call number Barcode Date last seen Price effective from Koha item type
    Library of Congress Classification   Kabarak, Main Campus Kabarak, Main Campus 17/12/2015   DT363 .S37 c. 1 15801 17/12/2015 17/12/2015 Africana Collection
Designed with assistance from East African Informatics Ltd